000 01088cab a22002175a 4500
001 L141041
008 071025s2007 xxk f 000 0 eng d
035 _a(Sirsi) u141041
041 0 _aeng
100 1 _aTurner, Adrian
245 0 0 _aHMOs
_bpart 2
260 _c2007
490 _aAgreement
_v14(5) October 2007, 36-40(5)
520 _aContinues an earlier article (L139715) providing an interpretation of the legislation governing Houses of Multiple Occupation (HMOs). Provides guidance as to whether Criminal Records Bureau (CRB) records may be needed to assess the suitability of HMO licensees. Covers local housing authority records and formal criminal record checks. Considers the relevance of an HMO's planning status to its qualification for an HMO licence.
590 _aKA
650 2 4 _aHOUSING ACT 2004
650 2 4 _aLICENSING AND MANAGEMENT OF HOUSES IN MULTIPLE OCCUPATION AND OTHER HOUSES (MISCELLANEOUS PROVISIONS) (ENGLAND) REGULATIONS 2006
651 4 _aUnited Kingdom
_y
690 _aPROPERTY-RESIDENTIAL PROPERTY-RESIDENTIAL LANDLORD AND TENANT
942 _n0
999 _c79416
_d79416